NLSUI OPAC header image

To Kill A Democracy : (Record no. 210787)

MARC details
000 -LEADER
fixed length control field 01036cam a2200265 i 4500
001 - CONTROL NUMBER
control field 22016827
003 - CONTROL NUMBER IDENTIFIER
control field OSt
005 - DATE AND TIME OF LATEST TRANSACTION
control field 20260406105153.0
008 - FIXED-LENGTH DATA ELEMENTS--GENERAL INFORMATION
fixed length control field 210430t20212021enka b 001 0 eng d
010 ## - LIBRARY OF CONGRESS CONTROL NUMBER
LC control number 2021938150
020 ## - INTERNATIONAL STANDARD BOOK NUMBER
International Standard Book Number 9789390742790
040 ## - CATALOGING SOURCE
Transcribing agency .
082 04 - DEWEY DECIMAL CLASSIFICATION NUMBER
Classification number 320.454 CHO
100 1# - MAIN ENTRY--PERSONAL NAME
Personal name Roy Chowdhury, Debasish,
245 10 - TITLE STATEMENT
Title To Kill A Democracy :
Remainder of title India's Passage to Despotism /
Statement of responsibility, etc. Debasish Roy Chowdhury and John Keane.
250 ## - EDITION STATEMENT
Edition statement First edition.
264 #1 - PRODUCTION, PUBLICATION, DISTRIBUTION, MANUFACTURE, AND COPYRIGHT NOTICE
Place of production, publication, distribution, manufacture Oxford, United Kingdom :
Name of producer, publisher, distributor, manufacturer Oxford University Press,
Date of production, publication, distribution, manufacture, or copyright notice 2021.
300 ## - PHYSICAL DESCRIPTION
Extent vi, 320 pages :
Other physical details illustrations ;
Dimensions 24 cm
365 ## - TRADE PRICE
Price amount Rs. 474
505 0# - FORMATTED CONTENTS NOTE
Formatted contents note A distant rainbow;<br/>Health of a democracy;<br/>A million famines;<br/>Ground realities;<br/>Motion sickness;<br/>Writing on the wall;<br/>A new slavery;<br/>Vote, or else;<br/>Chremacracy;<br/>Elective despotism;<br/>Justice defiled;<br/>Bad news;<br/>Remaking the people;<br/>Notes;<br/>Index<br/>
650 #0 - SUBJECT ADDED ENTRY--TOPICAL TERM
Topical term or geographic name entry element Despotism
Geographic subdivision India.
650 #0 - SUBJECT ADDED ENTRY--TOPICAL TERM
Topical term or geographic name entry element Democracy
Geographic subdivision India.
650 #7 - SUBJECT ADDED ENTRY--TOPICAL TERM
Topical term or geographic name entry element POLITICAL SCIENCE / General.
Source of heading or term bisacsh
942 ## - ADDED ENTRY ELEMENTS (KOHA)
Source of classification or shelving scheme Dewey Decimal Classification
Koha item type BOOKs
Holdings
Withdrawn status Lost status Source of classification or shelving scheme Materials specified (bound volume or other part) Damaged status Not for loan Home library Current library Shelving location Date acquired Source of acquisition Cost, normal purchase price Total Checkouts Total Renewals Full call number Barcode Date last seen Date last checked out Price effective from Koha item type
    Dewey Decimal Classification PB     . . General Stacks 08.02.2022 Purchased 478.00 4 5 320.454 CHO 38559 16.03.2026 09.03.2026 08.02.2022 BOOKs